00468pab a2200157 454500008004000000100001900040245008100059260000900140300001400149362000800163650002700171650001800198650003000216650002100246773004300267180718b2010 xxu||||| |||| 00| 0 eng d aLee, Joseph S. aGlobalization and changing industrial relations in Taiwan's banking industry c2010 ap.609-21. aApr aGlobalization - Taiwan aBaks - Taiwan aLabour relations - Taiwan aLabour relations aIndian Journal of Industrial Relations